000 00573nam a22001937a 4500
003 OSt
005 20160422140713.0
008 160422b xxu||||| |||| 00| 0 eng d
020 _a0521576687.
040 _cDDC.
082 _a327.096.CLA 1996.
100 _aClapham,Christopher;
_98191
245 _aAfrica and the International Systems;
_bThe Politics of State Survival;
260 _aUK.
_bCambridge University Press.
_c1996.
300 _axii,340p;
_bill;
_c24cm
504 _aincludes Notes,bibliography and index.
650 _aPolitical.
_96695
942 _2ddc
_cSLOAN
999 _c3695
_d3695